| 000 | 00765nam a2200205 i 4500 | ||
|---|---|---|---|
| 001 | 180650 | ||
| 003 | ES-MaACL | ||
| 005 | 20250815112605.0 | ||
| 008 | 120619s1977 sp |||| | spa d | ||
| 080 | _a577.1(043.2) | ||
| 100 | 1 |
_aMassot Riera, Marta. _9150670 |
|
| 245 | 1 | 0 |
_aEstudios bioquímico-estructurales acerca de las xantindeshidrogenasas de mamíferos / _cpor Marta Massot Riera. |
| 260 |
_aBarcelona : _bUniversidad, Secretariado de Publicaciones, Intercambio Científico y Extensión Universitaria, _c1977. |
||
| 300 |
_a25 p. : _bil. ; _c24 cm. |
||
| 502 | _aResumen de tesis--Universidad Barcelona. | ||
| 504 | _aBibliografía: p. 25. | ||
| 650 | 0 | 7 |
_aBioquímica _2embne _9136796 |
| 852 |
_aES-MaACL _jE-15362(187) |
||
| 999 |
_c180650 _d180650 |
||